000 00686nam a2200265Ia 4500
003 OSt
005 20221006142556.0
006 a|||||r|||| 00| 0
007 ta
008 221006b |||||||| |||| 00| 0 eng d
020 _c678.15 (each)
024 _a6,634
037 _cTextual
040 _aEASL
_cEASL
_beng
041 _2eng
_aeng
082 _aY:5.41.M85, M7
100 _aBanister Judith
_9647951
245 0 _aChina's changing population
260 _aStanford
_bStanford University Press
_c1987
300 _a488p.
_ccm.
490 _v CEL
650 _aCEL
942 _hY:5.41.M85, M7
_cTEXL
_2CC
999 _c1074720
_d1074720